| 000 -LEADER |
| fixed length control field |
03069cam a2200349 a 4500 |
| 001 - CONTROL NUMBER |
| control field |
467081 |
| 003 - CONTROL NUMBER IDENTIFIER |
| control field |
KHC-NET |
| 005 - DATE AND TIME OF LATEST TRANSACTION |
| control field |
20190806144944.0 |
| 008 - FIXED-LENGTH DATA ELEMENTS--GENERAL INFORMATION |
| fixed length control field |
150602s2014 nyua 001 0 eng d |
| 010 ## - LIBRARY OF CONGRESS CONTROL NUMBER |
| LC control number |
2015304739 |
| 020 ## - INTERNATIONAL STANDARD BOOK NUMBER |
| International Standard Book Number |
1579129714 |
| Qualifying information |
(hbk.) : |
| 020 ## - INTERNATIONAL STANDARD BOOK NUMBER |
| International Standard Book Number |
9781579129712 |
| Qualifying information |
(hbk.) : |
| 040 ## - CATALOGING SOURCE |
| Original cataloging agency |
YDXCP |
| Language of cataloging |
eng |
| Transcribing agency |
tw-NKUHT |
| Modifying agency |
tw-NKUHT |
| Description conventions |
AACR2 |
| 042 ## - AUTHENTICATION CODE |
| Authentication code |
nbic |
| 044 ## - COUNTRY OF PUBLISHING/PRODUCING ENTITY CODE |
| MARC country code |
nyu |
| 082 0# - DEWEY DECIMAL CLASSIFICATION NUMBER |
| Classification number |
541.22 GRA |
| 100 1# - MAIN ENTRY--PERSONAL NAME |
| Personal name |
Gray, Theodore W. |
| Relator term |
Photographer |
| 245 10 - TITLE STATEMENT |
| Title |
Molecules : |
| Remainder of title |
the elements and the architecture of everything / |
| Statement of responsibility, etc. |
photographs by Theodore Gray & Nick Mann. |
| 246 3# - VARYING FORM OF TITLE |
| Title proper/short title |
Elements & the architecture of everything. |
| 246 3# - VARYING FORM OF TITLE |
| Title proper/short title |
Elements and the architecture of everything. |
| 246 3# - VARYING FORM OF TITLE |
| Title proper/short title |
Molecules. |
| 246 30 - VARYING FORM OF TITLE |
| Title proper/short title |
The elements and the architecture of everything. |
| 260 ## - PUBLICATION, DISTRIBUTION, ETC. |
| Place of publication, distribution, etc. |
New York, New York : |
| Name of publisher, distributor, etc. |
Black Dog & Leventhal Publishers, |
| Date of publication, distribution, etc. |
c2014. |
| 300 ## - PHYSICAL DESCRIPTION |
| Extent |
240 p. : |
| Other physical details |
col. ill. ; |
| Dimensions |
26 x 27 cm. |
| 500 ## - GENERAL NOTE |
| General note |
Includes index. |
| 505 00 - FORMATTED CONTENTS NOTE |
| Title |
A house built of elements -- |
| -- |
The power of names -- |
| -- |
Dead or alive -- |
| -- |
Oil and water -- |
| -- |
Mineral and vegetable -- |
| -- |
Rock and ore -- |
| -- |
Rope and fiber -- |
| -- |
Pain and pleasure -- |
| -- |
Sweet and double sweet -- |
| -- |
Natural and artificial -- |
| -- |
Rose and skunk -- |
| -- |
Color me chemical -- |
| -- |
I hate that molecule -- |
| -- |
Machines of life. |
| 520 ## - SUMMARY, ETC. |
| Summary, etc. |
In his highly anticipated sequel to The Elements, Theodore Gray demonstrates how the elements of the periodic table combine to form the molecules that make up our world. Everything physical is made up of the elements and the infinite variety of molecules they form when they combine with each other. In Molecules, Theodore Gray takes the next step in the grand story that began with the periodic table in his best-selling book, The Elements: A Visual Exploration of Every Known Atom in the Universe. Here, he explores through fascinating stories and trademark stunning photography the most interesting, essential, useful, and beautiful of the millions of chemical structures that make up every material in the world. Gray begins with an explanation of how atoms bond to form molecules and compounds, as well as the difference between organic and inorganic chemistry. He then goes on to explore the vast array of materials molecules can create, including: soaps and solvents; goops and oils; rocks and ores; ropes and fibers; painkillers and dangerous drugs; sweeteners; perfumes and stink bombs; colors and pigments; and controversial compounds including asbestos, CFCs, and thimerosal. Big, gorgeous photographs, as well as diagrams of the compounds and their chemical bonds, rendered with never before seen beauty, fill the pages and capture molecules in their various states. As he did in The Elements, Gray shows us molecules as we've never seen them before. It's the perfect book for his loyal fans who've been eager for more and for anyone fascinated with the mysteries of the material world.-- |
| Assigning source |
Source other than Library of Congress. |
| 650 10 - SUBJECT ADDED ENTRY--TOPICAL TERM |
| Topical term or geographic name entry element |
Molecular structure. |
| 650 #0 - SUBJECT ADDED ENTRY--TOPICAL TERM |
| Topical term or geographic name entry element |
Molecules. |
| 700 1# - ADDED ENTRY--PERSONAL NAME |
| Personal name |
Mann, Nick. |
| Relator term |
Photographer |
| 942 ## - ADDED ENTRY ELEMENTS (KOHA) |
| Source of classification or shelving scheme |
|
| Koha item type |
Books - Non Ficton |